[Event "Reykjavik Open 2015"]
[Site "Reykjavik ISL"]
[Date "2015.03.13"]
[Round "5.118"]
[White "Burgisser, Claude"]
[Black "Starosciak, Adrian"]
[Result "1-0"]
[WhiteElo "1724"]
[BlackElo "1304"]
[WhiteFideId "656801"]
[BlackFideId "1192140"]
[EventDate "2015.03.10"]

1. d4 d5 2. Nf3 Nf6 3. Bg5 e6 4. Nbd2 h6 5. Bxf6 Qxf6 6. e4 dxe4 7. Nxe4 Qg6 8.
Ng3 Nd7 9. Bd3 Qf6 10. O-O Bd6 11. Nh5 Qe7 12. Nxg7+ Kd8 13. Re1 Rg8 14. Nf5 Qf6
15. Nxd6 cxd6 16. c3 b6 17. Be4 d5 18. Bd3 h5 19. Ne5 Nxe5 20. Rxe5 h4 21. a4
Qg7 22. Bf1 f5 23. Qf3 a5 24. Rxd5+ Kc7 25. Qf4+ Kc6 26. Rd6+ Kc7 27. Rxe6+ Kb7
28. Qf3+ Ka7 29. Re5 Bb7 30. Qh3 Rgf8 31. Rae1 f4 32. f3 Qh6 33. Re7 Kb8 34. Qd7
Bxf3 35. Qc7# 1-0

[Event "Reykjavik Open 2015"]
[Site "Reykjavik ISL"]
[Date "2015.03.13"]
[Round "5.122"]
[White "Holm, Fridgeir K"]
[Black "Magnusson, Thorsteinn"]
[Result "1-0"]
[WhiteElo "1700"]
[BlackElo "1301"]
[WhiteFideId "2307324"]
[BlackFideId "2310287"]
[EventDate "2015.03.10"]

1. e4 e6 2. d4 d5 3. exd5 exd5 4. Nf3 Bd6 5. Bd3 Ne7 6. O-O Bf5 7. Bxf5 Nxf5 8.
Re1+ Ne7 9. Nc3 O-O 10. Nb5 Nf5 11. Qd3 Qd7 12. Ne5 Re8 13. Bd2 Bxe5 14. dxe5
Nh4 15. c4 c6 16. Nd6 Re6 17. cxd5 Rg6 18. Re4 Nxg2 19. Kh1 Na6 20. b4 cxd5 21.
Qxd5 Qh3 22. Qxf7+ Kh8 23. Ne8 Qe6 24. Qxe6 Rxe6 25. Nd6 Re7 26. Kxg2 Rd8 27.
Bg5 Rxd6 28. Bxe7 Rg6+ 29. Kf3 Re6 30. Rc1 h6 31. Bd6 1-0

[Event "Reykjavik Open 2015"]
[Site "Reykjavik ISL"]
[Date "2015.03.13"]
[Round "5.128"]
[White "Kristofersson, Sindri Snaer"]
[Black "Kruglyak, Mikhail"]
[Result "0-1"]
[WhiteElo "1224"]
[BlackElo "1775"]
[WhiteFideId "2310732"]
[BlackFideId "2082896"]
[EventDate "2015.03.10"]

1. d4 Nf6 2. Nd2 d5 3. Ngf3 Bf5 4. e3 e6 5. c3 c5 6. Be2 Bd6 7. O-O Qc7 8. h3 c4
9. Re1 Nc6 10. Nf1 b5 11. Ng3 Bxg3 12. fxg3 Qxg3 13. b3 Bxh3 14. Bf1 Ne4 15. Qc2
Bf5 16. Qb2 O-O 17. Bd2 h5 18. Re2 g6 19. Be1 Qd6 20. Rb1 Rab8 21. Rd1 Kg7 22.
Bh4 f6 23. a3 Rh8 24. Nd2 g5 25. Nxe4 Bxe4 26. Bf2 h4 0-1

[Event "Reykjavik Open 2015"]
[Site "Reykjavik ISL"]
[Date "2015.03.13"]
[Round "5.129"]
[White "Van Zyl-Rudd, Jack"]
[Black "Heidarsson, Arnar"]
[Result "1-0"]
[WhiteElo "1648"]
[BlackElo "1119"]
[WhiteFideId "14309017"]
[BlackFideId "2312875"]
[EventDate "2015.03.10"]

1. d4 d5 2. c4 Nf6 3. cxd5 Nxd5 4. e4 Nf6 5. Nc3 e6 6. Bd3 Bb4 7. Ne2 O-O 8. O-O
Nbd7 9. Bg5 Qe8 10. Nb5 Ba5 11. Qc2 Nb8 12. b4 Bb6 13. a4 a5 14. Nxc7 Bxc7 15.
Qxc7 Qd7 16. Qxd7 Nbxd7 17. b5 b6 18. Rac1 Ra7 19. f3 h6 20. Bf4 Re8 21. Rc2 Ra8
22. Rfc1 Nh5 23. Bd6 g6 24. e5 f5 25. exf6 Nhxf6 26. Bxg6 Kg7 27. Bxe8 Nxe8 28.
Rxc8 Rxc8 29. Rxc8 Nxd6 30. Rd8 1-0

[Event "Reykjavik Open 2015"]
[Site "Reykjavik ISL"]
[Date "2015.03.13"]
[Round "5.130"]
[White "Davidsson, Stefan Orri"]
[Black "Paillat, Cecile"]
[Result "0-1"]
[WhiteElo "1038"]
[BlackElo "1485"]
[WhiteFideId "2311399"]
[BlackFideId "26035812"]
[EventDate "2015.03.10"]

1. e4 e6 2. d4 d5 3. e5 c5 4. c3 Nc6 5. Nf3 Qb6 6. Be2 Nge7 7. O-O Nf5 8. dxc5
Bxc5 9. b4 Be7 10. Bd3 O-O 11. Bxf5 exf5 12. Re1 Be6 13. Bg5 Rad8 14. Na3 Bxg5
15. Nxg5 h6 16. Nf3 Ne7 17. Qd4 Qa6 18. Nc2 Rc8 19. a4 Rc4 20. Qd3 Rfc8 21. Ra3
b6 22. Nd2 Qb7 23. Nxc4 dxc4 24. Qf3 Qxf3 25. gxf3 Ng6 26. Nd4 Bd5 27. Kg2 Nh4+
28. Kg3 g5 29. f4 Ng2 30. Rg1 Nxf4 31. Rd1 Re8 32. e6 fxe6 33. f3 Rf8 34. Ra2 e5
35. Ne2 Nd3 36. Rad2 e4 37. Nc1 f4+ 38. Kg2 exf3+ 39. Kf1 Be4 40. Nxd3 cxd3 41.
Re1 Re8 42. Kf2 Kf7 43. c4 Re6 44. h3 Kf6 45. c5 bxc5 46. bxc5 Kf5 47. Rc1 Bc6
48. Rxd3 Re2+ 49. Kf1 Rh2 50. Rdd1 Rxh3 51. Kf2 g4 52. Rh1 g3+ 0-1

[Event "Reykjavik Open 2015"]
[Site "Reykjavik ISL"]
[Date "2015.03.14"]
[Round "6.2"]
[White "Gao, Rui"]
[Black "Eljanov, Pavel"]
[Result "1/2-1/2"]
[WhiteTitle "GM"]
[BlackTitle "GM"]
[WhiteElo "2533"]
[BlackElo "2727"]
[WhiteFideId "8602387"]
[BlackFideId "14102951"]
[EventDate "2015.03.10"]

1. e4 e5 2. Nf3 Nc6 3. Bb5 a6 4. Ba4 Nf6 5. O-O Be7 6. Re1 b5 7. Bb3 d6 8. c3
O-O 9. h3 Bb7 10. d4 Nd7 11. Nbd2 exd4 12. cxd4 Bf6 13. Nf1 Na5 14. Bc2 Re8 15.
Ng3 g6 16. b3 c5 17. Be3 Nc6 18. Rc1 h5 19. Bb1 h4 20. Ne2 cxd4 21. Nexd4 Nxd4
22. Bxd4 Ne5 23. Nh2 Bg5 24. Be3 Bxe3 25. Rxe3 Qf6 26. Ng4 Qg5 27. Rc7 Bc8 28.
Nxe5 dxe5 29. a4 Be6 30. axb5 axb5 31. Bd3 Red8 32. Qf1 Bxb3 33. Be2 Be6 34.
Bxb5 Rd4 35. Rc1 Ra2 36. Qe1 Kg7 37. Bd3 Qd8 38. Qc3 Qd6 39. Be2 Ra8 40. Qe1 Rd2
41. Bf3 Rd8 42. Re2 Rd4 43. Qa5 Rd3 44. Kh2 Kh6 45. Qc5 Kg5 46. Qxd6 R8xd6 47.
Rc7 Ra3 48. Rec2 Rb6 49. Bg4 Bxg4 50. hxg4 Rb1 51. Rc1 Rxc1 52. Rxc1 Kxg4 53.
Rc7 f6 54. Rc6 Kg5 55. Re6 Ra2 56. f3 Rb2 57. Kh3 Rf2 58. Kh2 Rf1 59. Re8 Kf4
60. Re6 Kg5 61. Re8 Rf2 62. Re6 Ra2 63. Kh3 Ra3 64. Kh2 Ra8 65. Kh3 Rf8 66. g3
hxg3 67. Kxg3 Rh8 68. Kg2 Rh4 69. Kg3 Rf4 70. Re7 Kh6 71. Kf2 g5 72. Ke3 Kg6 73.
Re6 Kh5 74. Re8 Rh4 75. Rh8+ Kg6 76. Rg8+ Kf7 77. Ra8 Rh2 78. Ra7+ Kg6 79. Ra8
Rg2 80. Rg8+ Kf7 81. Ra8 g4 82. fxg4 Rxg4 83. Kf3 Rh4 84. Rb8 Rh3+ 85. Kf2 1/2-1/2

[Event "Reykjavik Open 2015"]
[Site "Reykjavik ISL"]
[Date "2015.03.14"]
[Round "6.3"]
[White "Gupta, Abhijeet"]
[Black "Fier, Alexandr"]
[Result "0-1"]
[WhiteTitle "GM"]
[BlackTitle "GM"]
[WhiteElo "2625"]
[BlackElo "2601"]
[WhiteFideId "5010608"]
[BlackFideId "2107139"]
[EventDate "2015.03.10"]

1. d4 Nf6 2. c4 e6 3. Nf3 b6 4. a3 c5 5. d5 Ba6 6. Qc2 exd5 7. cxd5 g6 8. Nc3
Bg7 9. h4 h5 10. Bg5 O-O 11. g4 hxg4 12. h5 Qe8 13. Bxf6 Bxf6 14. Ne4 Bg7 15.
hxg6 f5 16. Nd6 Qxg6 17. Nh4 Qxd6 18. Nxf5 Qe5 19. Nxg7 Qxg7 20. Qe4 Bc8 21. d6
Nc6 22. e3 Ne5 23. Qd5+ Nf7 24. O-O-O Rb8 25. Qh5 Bb7 26. Rh4 Bf3 27. Bc4 Rbe8
28. Rdh1 Re6 29. Bxe6 dxe6 30. d7 Rd8 31. R1h3 gxh3 32. Qxf3 Kf8 33. Rg4 Qh7 34.
Rg3 Qf5 0-1

[Event "Reykjavik Open 2015"]
[Site "Reykjavik ISL"]
[Date "2015.03.14"]
[Round "6.4"]
[White "Stopa, Jacek"]
[Black "L'Ami, Erwin"]
[Result "0-1"]
[WhiteTitle "IM"]
[BlackTitle "GM"]
[WhiteElo "2544"]
[BlackElo "2605"]
[WhiteFideId "1119591"]
[BlackFideId "1007998"]
[EventDate "2015.03.10"]

1. d4 f5 2. Nc3 Nf6 3. Bg5 d5 4. Bxf6 exf6 5. e3 Be6 6. Qf3 Qd7 7. Bb5 Nc6 8.
Nge2 g5 9. Nc1 O-O-O 10. Nd3 f4 11. h3 fxe3 12. fxe3 Be7 13. O-O-O a6 14. Ba4
Kb8 15. Rd2 h5 16. Kb1 f5 17. Qf2 Qd6 18. h4 gxh4 19. Qf4 Qxf4 20. Nxf4 Bf7 21.
Bxc6 bxc6 22. Nd3 Rdg8 23. Rf2 Rg3 24. Rh3 Rhg8 25. Nf4 Rxh3 26. Nxh3 Rg3 27.
Nd1 Bg6 28. Kc1 c5 29. dxc5 Bxc5 30. Kd2 c6 31. Nf4 Bd6 32. Nh3 Kc7 33. Ke2 f4
34. Nxf4 Bxc2 35. Nxh5 Bxd1+ 36. Kxd1 Rxe3 37. Nf4 Re4 38. Ne2 Be5 39. b3 Kd6
40. Kc2 Bg3 41. Nxg3 hxg3 42. Rd2 Ke5 43. Kc3 Kf4 44. Kd3 Re3+ 45. Kd4 Re1 46.
a4 Rb1 47. Rd3 Rb2 48. Rf3+ Kg4 49. Rc3 Rxg2 50. Rxc6 Rd2+ 51. Ke3 Rb2 52. Rxa6
g2 53. Rg6+ Kh3 54. Kd4 Rxb3 55. Rh6+ Kg3 56. Kxd5 Rb4 0-1

[Event "Reykjavik Open 2015"]
[Site "Reykjavik ISL"]
[Date "2015.03.14"]
[Round "6.5"]
[White "Melkumyan, Hrant"]
[Black "Gunnarsson, Jon Viktor"]
[Result "1/2-1/2"]
[WhiteTitle "GM"]
[BlackTitle "IM"]
[WhiteElo "2676"]
[BlackElo "2443"]
[WhiteFideId "13302485"]
[BlackFideId "2300931"]
[EventDate "2015.03.10"]

1. d4 e6 2. g3 f5 3. Bg2 Nf6 4. c4 d5 5. Nh3 c6 6. O-O Bd6 7. Bf4 O-O 8. Bxd6
Qxd6 9. Nd2 Nbd7 10. e3 b6 11. Nf4 Ne4 12. Nxe4 fxe4 13. Rc1 Bb7 14. Rc3 Nf6 15.
h4 dxc4 16. Qc2 e5 17. dxe5 Qxe5 18. Rxc4 Ba6 19. Rxe4 Nxe4 20. Bxe4 Bxf1 21.
Bxh7+ Kf7 22. Kxf1 Qf6 23. Bf5 Rfd8 24. Be6+ Ke7 25. Qxc6 Rd1+ 26. Kg2 Rad8 27.
h5 R1d6 28. Ng6+ Kxe6 29. Qc4+ Kd7 30. Qa4+ Rc6 31. Qxa7+ Rc7 32. Qa3 Qc6+ 33.
Kh2 Qc5 34. Qa4+ Kc8 35. Qa8+ Kd7 36. Qf3 Qg5 37. Nf4 Rf8 38. Qe2 Rxf4 39. exf4
Qd5 40. Qg4+ Kd8 41. f5 Rf7 42. Qg5+ Kd7 43. g4 Qe5+ 44. Kg2 Qxb2 45. Qe3 Qf6
46. Kh3 Qd6 47. Qb3 Re7 48. Qa4+ Qc6 49. Qb3 b5 50. Kg3 Qc4 51. Qf3 Qe4 52. Qa3
Ke8 53. Qa6 Qe5+ 54. Kh3 Qd5 55. Kh4 Qe5 56. Kh3 Qd5 57. Kh4 Qe5 58. Kh3 1/2-1/2

[Event "Reykjavik Open 2015"]
[Site "Reykjavik ISL"]
[Date "2015.03.14"]
[Round "6.6"]
[White "Pakleza, Zbigniew"]
[Black "Movsesian, Sergei"]
[Result "1/2-1/2"]
[WhiteTitle "GM"]
[BlackTitle "GM"]
[WhiteElo "2498"]
[BlackElo "2665"]
[WhiteFideId "1119290"]
[BlackFideId "310204"]
[EventDate "2015.03.10"]

1. d4 Nf6 2. Nf3 d6 3. c4 g6 4. Nc3 Bg7 5. e4 O-O 6. Be2 Nbd7 7. O-O e5 8. dxe5
dxe5 9. Qc2 c6 10. h3 Qe7 11. Rd1 Nh5 12. Rb1 Nf4 13. Bf1 Ne6 14. b4 f5 15. c5
Kh8 16. Ne2 f4 17. Rd6 a5 18. a3 axb4 19. axb4 Nd8 20. Bb2 Nf7 21. Rdd1 g5 22.
g4 Nf6 23. Nd2 h5 24. f3 hxg4 25. hxg4 Bxg4 26. fxg4 Nxg4 27. Nc4 Ngh6 28. Qc3
Rad8 29. Qh3 Kg8 30. Qh5 g4 31. Qg6 Nh8 32. Qh5 N8f7 33. Qg6 Nh8 34. Qh5 N8f7 1/2-1/2

[Event "Reykjavik Open 2015"]
[Site "Reykjavik ISL"]
[Date "2015.03.14"]
[Round "6.7"]
[White "Granda Zuniga, Julio E"]
[Black "Tari, Aryan"]
[Result "1-0"]
[WhiteTitle "GM"]
[BlackTitle "IM"]
[WhiteElo "2646"]
[BlackElo "2509"]
[WhiteFideId "3800024"]
[BlackFideId "1510045"]
[EventDate "2015.03.10"]

1. e4 c6 2. Nf3 d5 3. Nc3 Nf6 4. e5 Ne4 5. Qe2 Nxc3 6. dxc3 Qb6 7. h4 c5 8. Qd2
Bf5 9. Qxd5 Nc6 10. Bd3 Be6 11. Qe4 h6 12. h5 O-O-O 13. Nh4 Qc7 14. Bf4 Bd5 15.
Qe3 c4 16. e6 Qb6 17. Qxb6 axb6 18. Bf5 g6 19. hxg6 fxe6 20. Bh3 Bg7 21. O-O-O
Rhf8 22. Rxd5 Rxf4 23. Bxe6+ Kc7 24. Rf5 Re4 25. Bd5 Rg4 26. Bf3 Rg5 27. Rxg5
hxg5 28. Nf5 Bf6 29. Rd1 Rg8 30. Bd5 1-0

[Event "Reykjavik Open 2015"]
[Site "Reykjavik ISL"]
[Date "2015.03.14"]
[Round "6.8"]
[White "Kjartansson, Gudmundur"]
[Black "Naroditsky, Daniel"]
[Result "0-1"]
[WhiteTitle "IM"]
[BlackTitle "GM"]
[WhiteElo "2491"]
[BlackElo "2633"]
[WhiteFideId "2301318"]
[BlackFideId "2026961"]
[EventDate "2015.03.10"]

1. Nf3 d5 2. d4 Nf6 3. c4 e6 4. Nc3 Bb4 5. a3 Bxc3+ 6. bxc3 dxc4 7. Qa4+ Nbd7 8.
g4 a6 9. g5 b5 10. Qc2 Nd5 11. e4 Ne7 12. h4 Bb7 13. h5 c5 14. Rh4 cxd4 15. cxd4
Nc6 16. Bb2 e5 17. dxe5 Nc5 18. e6 O-O 19. h6 fxe6 20. Qc3 Qa5 21. Qxa5 Nxa5 22.
Ne5 Na4 23. hxg7 Rfd8 24. g6 hxg6 25. Rh8+ Kxg7 26. Rxd8 Rxd8 27. Nc6+ Nxb2 28.
Nxd8 Bc8 29. Rb1 c3 30. Rc1 Na4 31. e5 Nb3 32. Rc2 Nd4 33. Rc1 a5 34. Nc6 Nxc6
35. Bxb5 Nxe5 36. Bxa4 Nd3+ 37. Kd1 Nb2+ 38. Kc2 Nxa4 39. Kb3 Bd7 40. Rd1 Kf6
41. Rh1 Bc6 42. Rh7 Ke5 43. Ra7 Kd4 44. Rc7 0-1

[Event "Reykjavik Open 2015"]
[Site "Reykjavik ISL"]
[Date "2015.03.14"]
[Round "6.9"]
[White "Cornette, Matthieu"]
[Black "Idani, Pouya"]
[Result "1/2-1/2"]
[WhiteTitle "GM"]
[BlackTitle "GM"]
[WhiteElo "2585"]
[BlackElo "2496"]
[WhiteFideId "620084"]
[BlackFideId "12510130"]
[EventDate "2015.03.10"]

1. e4 c5 2. Nf3 d6 3. d4 cxd4 4. Nxd4 Nf6 5. Nc3 a6 6. Bg5 Nbd7 7. Qe2 h6 8. Bh4
b5 9. f4 g5 10. fxg5 hxg5 11. Bxg5 Bb7 12. O-O-O e6 13. g4 b4 14. Nd5 exd5 15.
exd5+ Ne5 16. Bg2 Rg8 17. h4 Be7 18. Nf5 Bc8 19. Nxe7 Qxe7 20. Rd4 Qa7 21. Rxb4
Nxg4 22. Bf3 f6 23. Bxg4 fxg5 24. hxg5 Qc5 25. Rf4 Bxg4 26. Rxg4 Rc8 27. Rg3
Qxd5 28. Rd1 Qxa2 29. Ra3 Qc4 30. Qxc4 Nxc4 31. Rxa6 Rxg5 32. b3 Ne3 33. Re1
Rxc2+ 34. Kb1 Rc3 35. Rxd6 Rb5 36. Ka2 Rbxb3 37. Ra6 Kd7 38. Rb1 Rxb1 39. Kxb1
Nc4 40. Rh6 Nd6 41. Kb2 Rg3 42. Kc2 Kc6 43. Rh5 Nc4 44. Rh8 Nb6 45. Kd2 Kc5 46.
Ke2 Ra3 47. Kf2 Nd5 48. Rc8+ Kd4 49. Rd8 Rb3 50. Kg2 Re3 51. Kf2 Re5 52. Kf3 Kd3
53. Ra8 Rf5+ 54. Kg3 Nc3 55. Ra3 Kd4 56. Kg4 Rf8 57. Rb3 Nd5 58. Ra3 Ke4 59.
Ra4+ Ke5 60. Ra5 1/2-1/2

[Event "Reykjavik Open 2015"]
[Site "Reykjavik ISL"]
[Date "2015.03.14"]
[Round "6.10"]
[White "Hansen, Eric"]
[Black "Rombaldoni, Axel"]
[Result "1-0"]
[WhiteTitle "GM"]
[BlackTitle "GM"]
[WhiteElo "2566"]
[BlackElo "2488"]
[WhiteFideId "2606771"]
[BlackFideId "815837"]
[EventDate "2015.03.10"]

1. e4 c5 2. Nf3 d6 3. Bb5+ Nd7 4. O-O Nf6 5. Re1 a6 6. Bf1 b6 7. c3 Bb7 8. d3 e5
9. Nbd2 Be7 10. d4 b5 11. d5 c4 12. b3 cxb3 13. axb3 Qc7 14. Bb2 O-O 15. Qe2 Nc5
16. Ba3 Rfc8 17. Rec1 Nfxe4 18. Nxe4 Nxb3 19. Qd1 Nxa1 20. Rxa1 f5 21. Ng3 Qd7
22. Qb3 Bf6 23. Rb1 e4 24. Nd4 Bxd4 25. cxd4 g6 26. Ne2 a5 27. Qxb5 Qxb5 28.
Rxb5 Ba6 29. Rb1 Rc2 30. Nf4 Bxf1 31. Kxf1 a4 32. Ne6 Rc3 33. Ra1 Ra6 34. Ke1
Rb3 35. Kd2 g5 36. Nxg5 Rd3+ 37. Ke2 Rxd4 38. Rc1 Ra8 39. Rc7 Rxd5 40. Nxh7 Rc5
41. Nf6+ 1-0

[Event "Reykjavik Open 2015"]
[Site "Reykjavik ISL"]
[Date "2015.03.14"]
[Round "6.11"]
[White "Arngrimsson, Dagur"]
[Black "Steingrimsson, Hedinn"]
[Result "1/2-1/2"]
[WhiteTitle "IM"]
[BlackTitle "GM"]
[WhiteElo "2366"]
[BlackElo "2530"]
[WhiteFideId "2301288"]
[BlackFideId "2300117"]
[EventDate "2015.03.10"]

1. d4 Nf6 2. c4 e6 3. Nc3 Bb4 4. Qc2 c5 5. dxc5 O-O 6. Nf3 Na6 7. g3 Nxc5 8. Bg2
b6 9. O-O Bb7 10. Nb5 Be4 11. Qd1 a6 12. Nd6 Bc6 13. Bf4 Nce4 14. Rc1 h6 15.
Nxe4 Bxe4 16. Bd6 Bxd6 17. Qxd6 Qb8 18. Qxb8 Raxb8 19. Rfd1 Rfc8 20. Ne5 Bxg2
21. Kxg2 Rb7 22. Rc3 Kf8 23. Ra3 Ra8 24. g4 Ke7 25. Rd4 Ne8 26. Rf3 f6 27. Ng6+
Kf7 28. Ne5+ Ke7 29. Ng6+ Kf7 30. Ne5+ Ke7 31. Ng6+ Kf7 1/2-1/2

[Event "Reykjavik Open 2015"]
[Site "Reykjavik ISL"]
[Date "2015.03.14"]
[Round "6.12"]
[White "Maze, Sebastien"]
[Black "Colovic, Aleksandar"]
[Result "1-0"]
[WhiteTitle "GM"]
[BlackTitle "GM"]
[WhiteElo "2564"]
[BlackElo "2482"]
[WhiteFideId "613762"]
[BlackFideId "15000729"]
[EventDate "2015.03.10"]

1. Nf3 Nf6 2. g3 d5 3. Bg2 c6 4. O-O Bg4 5. c4 e6 6. d3 Nbd7 7. cxd5 cxd5 8. Nc3
Be7 9. h3 Bxf3 10. Bxf3 O-O 11. e4 Ne5 12. Bg2 dxe4 13. dxe4 Qb6 14. Qe2 Rfd8
15. Be3 Qb4 16. Rad1 Nc4 17. Bc1 e5 18. Nd5 Nxd5 19. exd5 Bd6 20. a3 Qa4 21. Be4
Na5 22. Bg5 Rdc8 23. Rc1 Nb3 24. Qg4 Qe8 25. Bf6 g6 26. Rcd1 Rc4 27. Qe2 Rac8
28. Qd3 Qa4 29. Bg2 Rd4 30. Qe2 Rxd1 31. Qxd1 Qb5 32. Qg4 Rc4 33. Qg5 e4 34. Re1
Nc5 35. Bf1 Nd3 36. Bxd3 exd3 37. Bc3 Rxc3 38. bxc3 Kg7 39. Rd1 Qb3 40. Qd2 Qxd5
41. Qxd3 Qxd3 42. Rxd3 Bxa3 43. Rd7 Bb2 44. c4 b6 45. Rxa7 Bd4 46. Kg2 h5 47.
Rd7 Bc5 48. f4 Kf6 49. Kf3 Ke6 50. Rc7 Bg1 51. g4 hxg4+ 52. hxg4 Bc5 53. Ke2 Bg1
54. Kd3 Bc5 55. Ke4 Bg1 56. Rc6+ Kd7 57. Kd5 Bd4 58. Rxg6 fxg6 59. Kxd4 Kd6 60.
Ke4 Ke6 61. g5 Kd6 62. f5 1-0

[Event "Reykjavik Open 2015"]
[Site "Reykjavik ISL"]
[Date "2015.03.14"]
[Round "6.13"]
[White "Preotu, Razvan"]
[Black "Stefansson, Hannes"]
[Result "0-1"]
[WhiteTitle "IM"]
[BlackTitle "GM"]
[WhiteElo "2447"]
[BlackElo "2560"]
[WhiteFideId "2613280"]
[BlackFideId "2300087"]
[EventDate "2015.03.10"]

1. e4 e5 2. Nf3 Nc6 3. Bb5 a6 4. Ba4 Nf6 5. O-O Be7 6. Re1 b5 7. Bb3 d6 8. c3
O-O 9. h3 Bb7 10. d4 Re8 11. Nbd2 exd4 12. cxd4 Nd7 13. Nf1 Na5 14. Bc2 Bf6 15.
b3 c5 16. Bb2 Nc6 17. Ng3 g6 18. Qd2 Rc8 19. Rad1 Nxd4 20. Nxd4 cxd4 21. Bb1 Qb6
22. Bxd4 Bxd4 23. Qxd4 Qxd4 24. Rxd4 d5 25. Red1 Nf6 26. exd5 Bxd5 27. Bd3 Kg7
28. Bf1 Rc2 29. R4d2 Rxd2 30. Rxd2 Re1 31. f3 Ra1 32. Kf2 Be6 33. Ne2 Nd5 34.
Nd4 Kf6 35. h4 Nc3 36. Nxe6 fxe6 37. a4 bxa4 38. bxa4 Rxa4 39. Rd6 a5 40. g4 Nd5
41. Ra6 Nf4 42. Rc6 h6 43. Rc5 g5 44. hxg5+ hxg5 45. Rb5 Ra2+ 46. Ke3 Nd5+ 47.
Kd4 Rd2+ 48. Kc5 Ne3 49. Rb1 Nxf1 50. Rxf1 Ke5 0-1

[Event "Reykjavik Open 2015"]
[Site "Reykjavik ISL"]
[Date "2015.03.14"]
[Round "6.14"]
[White "Gretarsson, Hjorvar Steinn"]
[Black "Sarkar, Justin"]
[Result "1/2-1/2"]
[WhiteTitle "GM"]
[BlackTitle "IM"]
[WhiteElo "2554"]
[BlackElo "2376"]
[WhiteFideId "2302241"]
[BlackFideId "2010011"]
[EventDate "2015.03.10"]

1. d4 Nf6 2. Bg5 d5 3. e3 c5 4. c3 Nc6 5. Nf3 Ne4 6. Bf4 f6 7. h3 cxd4 8. exd4
e5 9. Be3 exd4 10. Nxd4 Bc5 11. Bd3 Bxd4 12. Bxd4 Nxd4 13. cxd4 Qa5+ 14. Nc3
Nxc3 15. Qd2 O-O 16. O-O Bd7 17. Qxc3 Qxc3 18. bxc3 Rfc8 19. Rfc1 Rc7 20. a4 Be8
21. f4 Rac8 22. Ra3 Bg6 23. f5 Bf7 24. a5 g5 25. Kf2 Re7 26. Rb3 h5 27. Re1 Rxe1
28. Kxe1 Rc7 29. Kd2 Kf8 30. Be2 Ke7 31. Bf3 Kd6 32. Rb5 Re7 33. c4 dxc4 34.
Bxb7 Rc7 35. Bf3 c3+ 36. Kc2 Bc4 37. Rb7 Rxb7 38. Bxb7 h4 39. Kxc3 Be2 40. Kd2
Bb5 41. Ke3 Bd7 42. Be4 Be8 43. Kf2 Bf7 44. g3 hxg3+ 45. Kxg3 Bh5 46. h4 gxh4+
47. Kxh4 Be8 48. Kg4 Bf7 49. Kf4 Bh5 50. Ke3 Be8 51. Bc2 Bd7 52. Ke4 Bc6+ 53.
Kf4 Bd5 54. Be4 Bf7 55. Bb7 Kc7 56. Ba6 Kd6 57. Bc8 Kd5 58. Ke3 Kd6 59. Kd3 Bd5
60. Kc3 Bf3 61. Be6 Be2 62. Kb4 Bd3 63. Kc3 Ba6 64. Kb3 Be2 65. Kc3 Ba6 66. Kd2
Bb5 67. Ke3 Be8 68. Kf4 Bh5 69. Bg8 Be2 70. Bf7 Bd1 71. Bc4 Bh5 72. Kg3 Bd1 73.
Bf7 Be2 74. Kf4 1/2-1/2

[Event "Reykjavik Open 2015"]
[Site "Reykjavik ISL"]
[Date "2015.03.14"]
[Round "6.15"]
[White "Petrov, Nikita"]
[Black "Le Roux, Jean-Pierre"]
[Result "1/2-1/2"]
[WhiteTitle "IM"]
[BlackTitle "GM"]
[WhiteElo "2435"]
[BlackElo "2548"]
[WhiteFideId "4101286"]
[BlackFideId "609404"]
[EventDate "2015.03.10"]

1. c4 e6 2. g3 d5 3. Bg2 a6 4. Nf3 dxc4 5. O-O Nf6 6. Na3 b5 7. d3 cxd3 8. Ne5
Ra7 9. Be3 c5 10. Nxd3 Nbd7 11. Rc1 Bb7 12. Bxb7 Rxb7 13. Nxc5 Bxc5 14. Bxc5
Nxc5 15. Qxd8+ Kxd8 16. Rxc5 Rc7 17. Rfc1 Rxc5 18. Rxc5 Kd7 19. f3 Nd5 20. Nb1
f5 21. Kf2 g5 22. Nd2 Kd6 23. Rc1 h5 24. h4 gxh4 25. gxh4 Nf4 26. Nf1 Ng6 27.
Ng3 Nxh4 28. Rh1 Ng6 29. Rxh5 Rc8 30. Rh6 Rg8 31. Nh5 Ke5 1/2-1/2

[Event "Reykjavik Open 2015"]
[Site "Reykjavik ISL"]
[Date "2015.03.14"]
[Round "6.16"]
[White "Wang, Yiye"]
[Black "Danielsen, Henrik"]
[Result "1/2-1/2"]
[WhiteTitle "IM"]
[BlackTitle "GM"]
[WhiteElo "2433"]
[BlackElo "2514"]
[WhiteFideId "8606021"]
[BlackFideId "1400185"]
[EventDate "2015.03.10"]

1. e4 d6 2. d4 Nf6 3. Nc3 e5 4. dxe5 dxe5 5. Qxd8+ Kxd8 6. Bc4 Ke8 7. a3 c6 8.
Be3 Ng4 9. Bg5 Bc5 10. Bh4 Nd7 11. Nf3 b5 12. Bb3 f6 13. a4 b4 14. Nd1 Nf8 15.
Nd2 Ne6 16. f3 Nf4 17. Kf1 Ne3+ 18. Nxe3 Bxe3 19. Nc4 Ba6 20. Bf2 Bd4 21. Bxd4
exd4 22. Rd1 Rd8 23. Kf2 Bxc4 24. Bxc4 Ng6 25. g3 Ne5 26. Be2 Ke7 27. f4 Nf7 28.
Kf3 Rd7 29. Ba6 Rb8 30. Rd3 Nd8 31. Rhd1 Ne6 32. Bc4 Nc5 33. Rxd4 Rxd4 34. Rxd4
Nxa4 35. b3 Nb6 36. Ba6 Nd7 37. Rd1 Nc5 38. Ra1 Kd6 39. Ra5 Re8 40. Bd3 Re7 41.
Ke3 g5 42. h4 h6 43. Kf3 gxh4 44. gxh4 Rg7 45. Bc4 Re7 46. Bd3 Rg7 47. Bc4 Re7
48. Bd3 Rg7 1/2-1/2

[Event "Reykjavik Open 2015"]
[Site "Reykjavik ISL"]
[Date "2015.03.14"]
[Round "6.17"]
[White "Sequera Paolini, Jose Rafael"]
[Black "Libiszewski, Fabien"]
[Result "1/2-1/2"]
[WhiteTitle "IM"]
[BlackTitle "GM"]
[WhiteElo "2408"]
[BlackElo "2514"]
[WhiteFideId "3900304"]
[BlackFideId "616834"]
[EventDate "2015.03.10"]

1. e4 e6 2. f4 d5 3. e5 c5 4. Nf3 Nc6 5. c3 Nh6 6. Na3 f6 7. Nc2 fxe5 8. fxe5
Be7 9. d4 Nf5 10. Be2 O-O 11. O-O Bd7 12. Ne3 cxd4 13. Nxf5 Rxf5 14. Bd3 Rxf3
15. Rxf3 dxc3 16. Bf4 cxb2 17. Rb1 Qb6+ 18. Kh1 Rf8 19. Qd2 Qd4 20. Rxb2 Bb4 21.
Qf2 Qxf2 22. Rbxf2 b6 23. Bg3 Rxf3 24. Rxf3 Bc5 25. Bf4 Bd4 26. Bb5 a6 27. Bxa6
Nxe5 28. Rb3 Ng4 29. Bc7 Nf2+ 30. Kg1 Ne4+ 31. Kh1 Nf2+ 32. Kg1 1/2-1/2